000 00761nam a2200289Ia 4500
001 22803
003 IT-RoPAU
008 130308s9999 xx 000 0 und d
040 _aIT-RoPAU
040 _cIT-RoPAU
041 _aITALIANO
100 _aBarilli Renato
100 _gCodice Aut. SPICS: 9544
245 _aSpettacolo nell'età tecnotronica (Lo)
245 _bTeatro nella Societa' Dello Spettacolo (Il)
250 _a1a ed.
260 _aBOLOGNA
260 _bIl Mulino
260 _c1983 [1° Ed.:1983 - Ed.Ling.Originale:1983]
300 _a"14 p. (prefazione: no ; testo: 14 [pagine: 85-98])"
650 _aSAGGI DI TEATRO
650 _eCodice materia Spics: 8411
942 _cBK
957 _71
999 _c62868
_d62868
999 _bSI
999 _g1